| 000 | 00000nam 2200000za 4500 |
| 001 | 9.854714 |
| 003 | CaOODSP |
| 005 | 20230117103826 |
| 007 | cr ||||||||||| |
| 008 | 180404s2018 onc ob f000 0 fre d |
| 020 | |a9780660261393 |
| 040 | |aCaOODSP|bfre |
| 043 | |an-cn--- |
| 086 | 1 |aCC172-192/2018F-PDF |
| 245 | 00|aCulture de sûreté |h[ressource électronique]. |
| 246 | 1 |iEn tête du titre : |aSystème de gestion |
| 250 | |aVersion 1.0. |
| 260 | |aOttawa : |bCommission canadienne de sûreté nucléaire, |c2018. |
| 300 | |aii, 29 p. |
| 490 | 1 |aDocument d’application de la réglementation ; |vREGDOC-2.1.2 |
| 500 | |aPubl. aussi en anglais sous le titre : Safety culture. |
| 500 | |aTitre de la couv. |
| 500 | |a« Avril 2018. » |
| 504 | |aComprend des références bibliographiques (p. 26-27). |
| 520 | |a« Ce document d’application de la réglementation fait partie de la série de documents d’application de la réglementation de la CCSN intitulée Système de gestion. Le document d’application de la réglementation REGDOC-2.1.2, Culture de sûreté, énonce les exigences et l’orientation visant à favoriser une saine culture de sûreté et à mener des évaluations de la culture de sûreté. Il en va de même pour la culture de sécurité. Le REGDOC-2.1.2 se veut un élément du fondement d’autorisation d’une installation ou d’une activité réglementée relevant du champ d’application du présent document » -- Préface, p. i. |
| 692 | 07|2gccst|aInstallations nucléaires |
| 692 | 07|2gccst|aMatière radioactive |
| 692 | 07|2gccst|aMesure de sécurité |
| 692 | 07|2gccst|aRéglementation en matière de sécurité |
| 710 | 2 |aCommission canadienne de sûreté nucléaire. |
| 775 | 08|tSafety culture |w(CaOODSP)9.854713 |
| 830 | #0|aDocument d'application de la réglementation (Commission canadienne de sûreté nucléaire)|vREGDOC-2.1.2.|w(CaOODSP)9.501696 |
| 856 | 40|qPDF|s331 Ko|uhttps://publications.gc.ca/collections/collection_2018/ccsn-cnsc/CC172-192-2018-fra.pdf |